[Event "Altensteig"]
[Site "Altensteig"]
[Date "1991.??.??"]
[Round "1"]
[White "Luther, Thomas"]
[Black "Boensch, Uwe"]
[Result "1-0"]
[WhiteElo "2495"]
[BlackElo "2560"]
[Annotator "Boensch,U"]
[PlyCount "81"]
[EventDate "1991.07.??"]
[EventType "tourn"]
[EventRounds "11"]
[EventCountry "GER"]
[EventCategory "11"]
[SourceTitle "CBM 025"]
[Source "ChessBase"]
[SourceDate "1991.12.01"]
[SourceVersion "1"]
[SourceVersionDate "1991.12.01"]
[SourceQuality "1"]

1. e4 {Boensch} c5 2. Nf3 d6 3. d4 cxd4 4. Nxd4 Nf6 5. Nc3 e6 6. g4 h6 7. h4 a6
8. Rg1 Qa5 9. Nb3 Qc7 10. g5 hxg5 11. hxg5 Nfd7 12. Be3 {N} (12. g6 Ne5 13.
gxf7+ Qxf7 14. Be2 Nbc6 15. Be3 Rh3 16. Qd2 Nf3+ 17. Bxf3 Qxf3 18. Nd4 Ne5 $10
{Timman-Boensch Novi Sad (ol) 1990}) 12... g6 13. f4 Nc6 $6 (13... b5 14. Qd2 (
14. a4 $5 b4 15. Qd4 Rh2 16. Qxb4 Rxc2 $13) 14... Nc5 15. O-O-O (15. Bxb5+ axb5
16. Nxb5 Qb6 $13) (15. Nxc5 dxc5 16. e5 Bb7 $13) 15... Nbd7 16. Bxb5 $2 axb5
17. Nxb5 (17. Nxc5 Nxc5 18. Nxb5 Qb6 19. Nxd6+ Bxd6 20. Qxd6 Qxd6 21. Rxd6 Nxe4
$19) 17... Nxb3+ 18. axb3 Ra1#) 14. Qd2 b5 15. O-O-O Bb7 16. Kb1 b4 $2 (16...
O-O-O 17. Bxb5 $6 (17. Bg2 $13) 17... axb5 18. Nxb5 Qb8 19. Rg3 (19. Qc3 Rh3)
19... Nc5 20. Bxc5 dxc5 21. Rd3 Be7 22. Rd7 Nd4 23. Rxd8+ Rxd8 24. N3xd4 cxd4
25. Qa5 Bxe4 $19) 17. Na4 O-O-O 18. Bd3 (18. Qf2 Kb8 19. Nb6 Nc5) 18... Bg7 $2
(18... Be7) 19. Qe2 a5 20. Qf2 (20. Ba6 $16) 20... Kb8 21. Nb6 $2 (21. Bb5 Nc5
22. Naxc5 dxc5 23. Nxc5 $18) 21... Nc5 22. Nxc5 dxc5 23. Bxc5 Bd4 24. Bxd4 Nxd4
25. Nc4 Bxe4 26. Bxe4 Qxc4 27. Rd2 Rd6 28. Rgd1 Rhd8 29. Bh1 Kc7 30. Qg2 Nc6 (
30... Qc6 $10) 31. Rd3 Qxf4 $2 (31... Qc5 $10) 32. Rf1 Qe5 33. Rxf7+ Kb8 (33...
Kc8 $16) 34. Qg1 $18 Nd4 35. c3 bxc3 36. Rb7+ Kc8 37. Rxc3+ Nc6 38. Rxc6+ Rxc6
39. Bxc6 Qf5+ 40. Ka1 Qc2 (40... Qf2 41. Qc1 Qc5 42. Bd7+ $1 $18) (40... Qc5
41. Bd7+ $1 $18) 41. Rb8+ 1-0

[Event "London WFW"]
[Site "London"]
[Date "1991.??.??"]
[Round "?"]
[White "Hector, Jonny"]
[Black "Davies, Nigel Rodney"]
[Result "1-0"]
[WhiteElo "2465"]
[BlackElo "2500"]
[Annotator "Boensch,U"]
[PlyCount "57"]
[EventDate "1991.05.??"]
[EventType "tourn"]
[EventRounds "13"]
[EventCountry "ENG"]
[EventCategory "11"]
[SourceTitle "CBM 024"]
[Source "ChessBase"]
[SourceDate "1991.10.01"]
[SourceVersion "1"]
[SourceVersionDate "1991.10.01"]
[SourceQuality "1"]

1. e4 c5 2. Nf3 d6 3. d4 cxd4 4. Nxd4 Nf6 5. Nc3 e6 6. g4 Be7 7. g5 Nfd7 8. Qh5
g6 9. Qg4 Nc6 10. Be3 Nb6 {N} (10... h5 11. Qg2 Nde5 12. f4 Ng4 13. Bg1 Nxd4
14. h3 (14. Bxd4 e5 $15) 14... e5 15. hxg4 Bxg4 16. Bxd4 exd4 17. Nd5 $14 {
Korsunski-Golod, URS 1990 -INF.50/255}) (10... Nde5 11. Qg2 Nxd4 12. Bxd4 Bxg5
13. Bb5+ Kf8 14. O-O $44 {Nekrasov -Inf.50/255}) 11. Qg3 Na5 12. b3 e5 13. Bb5+
Kf8 14. Nde2 Be6 15. Rd1 (15. O-O-O $5) 15... h6 $6 (15... Nc6 $13) 16. gxh6 a6
17. Bd3 Nd7 18. h4 Nc6 19. f4 $16 exf4 (19... Rxh6 20. f5 Rxh4 21. Kd2 $18) 20.
Nxf4 Nce5 21. Nxe6+ fxe6 22. O-O+ Kg8 $6 23. Bc4 $1 $18 Kh7 24. Bxe6 Bxh4 25.
Qh3 Rc8 26. Rxd6 $1 Rxc3 27. Rxd7+ $1 Qxd7 (27... Nxd7 28. Rf7+ Kg8 29. Rxd7+
$18) 28. Bxd7 Bg5 29. Bxg5 1-0

[Event "Altensteig"]
[Site "Altensteig"]
[Date "1995.??.??"]
[Round "5"]
[White "Luther, Thomas"]
[Black "Vogt, Lothar"]
[Result "1-0"]
[WhiteElo "2550"]
[BlackElo "2475"]
[Annotator "Boensch,U"]
[PlyCount "45"]
[EventDate "1995.08.??"]
[EventType "tourn"]
[EventRounds "11"]
[EventCountry "GER"]
[EventCategory "12"]
[SourceTitle "CBM 049"]
[Source "ChessBase"]
[SourceDate "1995.12.01"]
[SourceVersion "1"]
[SourceVersionDate "1995.12.01"]
[SourceQuality "1"]

1. e4 c5 2. Nf3 e6 3. d4 cxd4 4. Nxd4 Nf6 5. Nc3 d6 6. g4 h6 7. Rg1 a6 8. h4 d5
9. exd5 Nxd5 10. Nxd5 Qxd5 11. Be3 (11. Bg2 Qc4 12. c3 (12. Bf1 Qc7 13. Be3 Bd7
14. Qd2 Nc6 15. O-O-O O-O-O 16. Nxc6 Bxc6 17. Qxd8+ Qxd8 18. Rxd8+ Kxd8 $10 {
Kaminski,U-Fahnenschmidt,G BL 9293 1992 1/2 21}) 12... Be7 13. g5 (13. Be3 Nd7
14. Qd2 Bxh4 15. g5 Bxg5 16. Bxg5 hxg5 17. Qxg5 g6 18. O-O-O Rh5 19. Qg3 Qxa2
20. Bf3 $44 {Teran,I-Veingold,A Sevilla op (09) 1994 1-0 40}) 13... e5 (13...
Nd7 14. Qe2 Qxe2+ 15. Kxe2 Nb6 16. Bf3 hxg5 17. hxg5 Rh4 18. Rh1 Rxh1 19. Bxh1
e5 20. Nc2 Bg4+ 21. Bf3 Bxf3+ 22. Kxf3 O-O-O $10 {Karpov,A-Kindermann,S Wien
op 1986 1-0 41}) 14. Qb3 Qxb3 15. Nxb3 hxg5 16. hxg5 Nc6 17. Be3 Be6 18. O-O-O
Rd8 19. Rde1 Bd5 20. Bxd5 Rxd5 21. Rh1 Rg8 22. a3 {1/2 Anka,E-Wallace,J
Budapest FS FebGM (05) 1995 - CBM 46}) 11... Be7 12. Qd2 $1 $146 {Ein starkes
P-Opfer, Weiß bekommt riesigen Entwicklungsvorsprung.} (12. Qd3 Bxh4 13. O-O-O
Qxa2 14. Nb3 Bf6 15. Bd4 Bg5+ 16. f4 Bxf4+ 17. Be3 Bxe3+ 18. Qxe3 Qa4 19. g5
Nd7 20. gxh6 gxh6 21. Bh3 Qc6 22. Nd4 Qc5 23. Bxe6 Ne5 24. Bxf7+ Kxf7 25. Qf4+
{1-0 Kaminski,U-Schuh,H BL 9495 Dresden-Zaeringen [6] 1995}) (12. g5 hxg5 13.
hxg5 Bd7 14. Bg2 Qc4 15. Qe2 Qxe2+ 16. Kxe2 Nc6 17. Nxc6 Bxc6 18. Bxc6+ bxc6
19. Rh1 O-O-O 20. f4 g6 21. c4 Bd6 {1/2 Borriss,M-Sax,G BL 9394
Stadthagen-Dresden [3] 1994}) 12... Bxh4 13. Bg2 Qd6 (13... Qc4 14. O-O-O Qxa2
15. Nb3 Bf6 16. Bd4 Bxd4 17. Qxd4 O-O 18. g5 $40) 14. O-O-O Nd7 15. Rh1 Be7 16.
g5 Nb6 (16... h5 17. Qe2 g6 18. Nc6 Qc7 19. Nxe7 Kxe7 20. f4 $16) 17. gxh6 gxh6
18. Rxh6 Rxh6 19. Bxh6 {Weiß hat seinen zurück und der schwarze K steht nach
wie vor in der Mitte.} Nc4 $2 {Beschleunigt den Untergang, aber auch nach} (
19... e5 20. Nc6 $1 Qxd2+ 21. Rxd2 Nc4 22. Rd3 f6 23. Rg3 {hat es Schwarz
schwer.}) 20. Qc3 e5 (20... Qh2 $2 21. Nf5 $1 e5 (21... exf5 22. Qh8+ Bf8 23.
Qxf8#) 22. Qxc4 Qxg2 (22... Bxf5 23. Qa4+ b5 24. Bc6+ $18) 23. Nxe7 Kxe7 24.
Qc7+ Kf6 25. f4 $18) (20... Qb4 21. Qxb4 Bxb4 22. Nc6 $1 Be7 23. Nxe7 Kxe7 24.
b3 $16) 21. Nf5 Qb6 (21... Qg6 22. Nxe7 Qxh6+ 23. Kb1 Kxe7 24. Qxc4 Qb6 25.
Qh4+ Qf6 26. Qb4+ Ke8 27. Bxb7 $18) (21... Bxf5 22. Rxd6 Nxd6 23. Bxb7 Nxb7 24.
Qc6+ Bd7 25. Qxb7 $18) 22. Qxc4 Bxf5 23. Qa4+ (23. Qa4+ Qb5 24. Qxb5+ axb5 25.
Bxb7 Rd8 26. Bc6+ Bd7 27. Rxd7 Rxd7 28. Bxb5 $18) 1-0

[Event "St Petersburg op"]
[Site "St Petersburg"]
[Date "1994.??.??"]
[Round "7"]
[White "Lukin, Andrei M"]
[Black "Kharitonov, Andrei Y"]
[Result "0-1"]
[WhiteElo "2440"]
[BlackElo "2535"]
[Annotator "Boensch,U"]
[PlyCount "64"]
[EventDate "1994.02.??"]
[EventType "swiss"]
[EventRounds "9"]
[EventCountry "RUS"]
[SourceTitle "CBM 041"]
[Source "ChessBase"]
[SourceDate "1994.08.01"]
[SourceVersion "1"]
[SourceVersionDate "1994.08.01"]
[SourceQuality "1"]

1. e4 c5 2. Nf3 e6 3. d4 cxd4 4. Nxd4 Nf6 5. Nc3 d6 6. g4 a6 7. Bg2 Be7 (7...
h6 {-6...h6}) (7... Nc6 8. h3 Be7 9. Be3 O-O 10. O-O Nxd4 11. Qxd4 e5 12. Qd2
Be6 13. a4 Rc8 14. a5 Rc4 $10 {Savon,V-Volke,K Podolsk 1991 0-1 35}) (7... Nfd7
8. O-O Nc6 9. Kh1 Be7 10. f4 O-O 11. g5 Nxd4 12. Qxd4 b5 13. Be3 Bb7 14. a4 Bc6
$10 {Byrne,R-Spassky,B San Juan (m/5) 1974 1/4 35 -Inf.17/475}) 8. Be3 O-O 9.
Qe2 (9. g5 Nfd7 10. f4 Nc6 11. h4 Nxd4 12. Qxd4 b5 13. h5 b4 14. Qxb4 Rb8 15.
Qd4 e5 16. Qd2 exf4 17. Bxf4 Rxb2 18. Nd5 Ne5 19. h6 $16 {Savon,V-Espig,L
Suhumi 1972 1-0 31 -Inf.14/453}) 9... Nc6 10. g5 Nd7 11. h4 Nxd4 12. Bxd4 b5
13. O-O-O (13. a3 Rb8 14. O-O-O b4 $132) 13... Bb7 (13... b4 14. Na4 Qa5 15. b3
Bb7 $13) 14. f4 b4 15. Na4 Qa5 16. b3 e5 (16... Bc6 $5) 17. Be3 exf4 18. Bxf4
Bc6 19. e5 (19. Bxd6 Bxd6 20. Rxd6 Bxa4 21. bxa4 Qxa4 $17) 19... Bxg2 20. Qxg2
Nxe5 $15 21. h5 Rac8 22. Rd5 Qc7 23. Rhd1 Qc6 24. R1d2 Rfe8 25. Bxe5 dxe5 26.
Rxe5 Qxg2 27. Rxg2 f6 $1 $17 28. gxf6 Bxf6 29. Rxe8+ Rxe8 30. Nc5 Re5 31. Nd7
$2 (31. Nxa6 Rxh5 32. Kd2 $17 (32. Nxb4 $2 Bc3 $19) (32. Rg4 $2 Bc3 33. Kd1 Re5
$19)) 31... Re1+ 32. Kd2 Bc3+ (32... Bc3+ 33. Kd3 Rd1+ $19) 0-1

[Event "Karditsa"]
[Site "Karditsa"]
[Date "1994.??.??"]
[Round "1"]
[White "Kotronias, Vasilios"]
[Black "Georgiev, Krum"]
[Result "1-0"]
[WhiteElo "2545"]
[BlackElo "2470"]
[Annotator "Boensch,U"]
[PlyCount "49"]
[EventDate "1994.03.??"]
[EventType "tourn"]
[EventRounds "11"]
[EventCountry "GRE"]
[EventCategory "10"]
[SourceTitle "CBM 043"]
[Source "ChessBase"]
[SourceDate "1994.12.01"]
[SourceVersion "1"]
[SourceVersionDate "1994.12.01"]
[SourceQuality "1"]

1. e4 {Ernst} c5 2. Nf3 d6 3. d4 Nf6 4. Nc3 cxd4 5. Nxd4 e6 6. g4 a6 7. g5 Nfd7
8. Be3 b5 9. a3 Bb7 (9... Nb6 10. Qg4 $1 N8d7 11. Rd1 Ne5 12. Qg3 Qc7 13. f4
Nec4 14. Bc1 Bb7 15. Bg2 $16 {Aseev,K-Sakaev,K/URS-ch/ 1991}) 10. h4 Nb6 $2 (
10... Nc6 11. h5 Nxd4 12. Qxd4 Ne5 13. O-O-O Nc6 14. Qd2 Rc8 15. Rh3 $16 {
Renet,O - Summermatter,D/ SWZ-chI (08)/ 1992/ 1-0/ 25}) (10... Nc5 $5) 11. h5
N8d7 12. g6 $1 $16 hxg6 13. hxg6 Rxh1 14. gxf7+ Ke7 $2 (14... Kxf7 15. Qf3+ Qf6
16. Qxh1 $16 Ne5 17. Nxe6 Qxe6 18. Bxb6 d5 19. Bd4 Nc6 20. Bh3 Qe8 21. O-O-O
Nxd4 22. Rxd4 Qe5 23. Rd3 d4 24. Nd5 Bxd5 25. exd5 Bd6 {Adams,M-Hansen,Cu/Wijk/
1991} 26. Be6+ Ke7 27. Qh4+ Qf6 28. Qxf6+ Kxf6 29. Rxd4 $18) 15. Qg4 Qc8 $8 16.
Qxe6+ Kd8 17. Qe8+ Kc7 18. Ne6+ Kc6 $2 (18... Kb8 19. Nxf8 Nxf8 20. Bxb6 $16)
19. Nd5 $1 $18 Rxf1+ (19... Qxe8 $4 20. Nb4#) 20. Kxf1 Nxd5 21. exd5+ Kxd5 22.
Nxf8 $1 (22. Nc7+ {Ernst} Kc6 23. Nxa8 Qxa8 $16 {Adams}) 22... Ne5 (22... Nxf8
23. Rd1+ Kc4 24. Rd4+ Kc5 25. Rd3+ (25. b4+ {Ernst} Kb6 26. Rxd6+ Kc7 27. Qe5
Qh3+ 28. Ke1 Qh1+ 29. Kd2 Rd8 30. Bb6+ $18) 25... Kc4 26. b3#) (22... Qxe8 23.
fxe8=Q Rxe8 24. Nxd7 Kc6 25. Nb6 Rxe3 26. fxe3 Kxb6 27. Rd1 Kc5 28. Rd4 $18) (
22... Kc6 23. Qe4+ Kc7 (23... d5 24. Qe6+ Kc7 25. Bf4+ $18) 24. Ne6+ Kb8 25.
Qf4 $18) (22... Qc4+ 23. Ke1 Ne5 24. Rd1+ Ke4 25. Rd4+ $18) 23. Rd1+ Ke4 24.
Rd4+ Kf5 25. Rf4+ (25. Rf4+ Kg5 26. Qe7+ Kh5 27. Rh4#) 1-0

[Event "Las Palmas"]
[Site "Las Palmas"]
[Date "1994.??.??"]
[Round "6"]
[White "Morovic Fernandez, Ivan"]
[Black "Polgar, Judit"]
[Result "1-0"]
[WhiteElo "2605"]
[BlackElo "2630"]
[Annotator "Boensch,U"]
[PlyCount "81"]
[EventDate "1994.05.??"]
[EventType "tourn"]
[EventRounds "9"]
[EventCountry "ESP"]
[EventCategory "17"]
[SourceTitle "CBM 042"]
[Source "ChessBase"]
[SourceDate "1994.10.01"]
[SourceVersion "1"]
[SourceVersionDate "1994.10.01"]
[SourceQuality "1"]

1. e4 {Horvath,T} c5 2. Nf3 e6 3. d4 cxd4 4. Nxd4 Nf6 5. Nc3 d6 6. g4 h6 7. h4
(7. Bg2 {Horvath,T} Nc6 8. h3 Bd7 9. f4 $1 (9. Be3 Ne5 10. Qe2 g5 $1 $13) (9.
Ndb5 $2 Qb8 10. Bf4 Ne5) 9... Nxd4 $1 (9... a6 10. Be3 Qb6 $2 11. Qd2 Qxb2 12.
Rb1 Qa3 13. Rb3 Qa5 14. Nxc6 Bxc6 15. Bb6 $18) 10. Qxd4 Bc6 11. Be3 Be7 12.
O-O-O O-O {Horvath,T-Golod/Berlin/1994} 13. Bf3 $1 {/\h4;g5}) 7... Nc6 8. Rg1
Nd7 9. g5 hxg5 10. hxg5 (10. Bxg5 Qb6 11. Nb3 a6 12. Qd2 (12. h5 $1 Qc7 13. Qe2
$1 b5 14. O-O-O b4 15. Na4 $1 (15. Nd5 $6 exd5 16. exd5+ Ne7 17. Nd4 $13) 15...
a5 16. f4 $16 {Cseshkovsky}) 12... Qc7 13. O-O-O b5 14. Kb1 Nce5 15. Rg3 b4 16.
Ne2 f6 17. Be3 Rxh4 $44 {Anand,V-Polgar,J/Monaco Amber blind (01)/1994/1-0 (37)
}) 10... g6 (10... Nde5 11. Be3 Bd7 12. Be2 $14 (12. Be2 {Horvath,T} a6 13. f4
Nxd4 14. Qxd4 Nc6 15. Qd2 $14 {Matulovic-Simic/Smederevo/1981})) 11. Be3 a6 12.
Qe2 Na5 $5 (12... Qc7) 13. O-O-O b5 14. f4 Qc7 (14... Nc4 {Horvath,T} 15. f5
Nde5 16. fxe6 fxe6 $13) 15. Kb1 Nb6 (15... Nc4 $2 16. Ndxb5 $1 axb5 17. Nxb5
$18) 16. Nb3 Nac4 (16... Nxb3 17. axb3 $16 {/\ Qf2}) 17. Bd4 Rg8 (17... e5 18.
fxe5 dxe5 19. Nd5 (19. Bxb6 Qxb6 (19... Nxb6 20. Qf3 $16) 20. Rg3 $16) 19...
Nxd5 20. exd5 Bf5 21. Bg2 O-O-O $13) 18. Qh2 Be7 19. Qh7 Rf8 20. f5 (20. Bg7 b4
21. Ne2 Na4 $132) 20... b4 21. fxg6 fxg6 (21... bxc3 22. g7 cxb2 23. gxf8=Q+
Bxf8 24. Bxc4 Nxc4 25. Bxb2 $18 {/\ g6}) 22. Qxg6+ Kd8 23. Ne2 e5 24. Bxb6 Qxb6
25. Qh5 $18 {o^-g} a5 26. g6 Be6 27. g7 Re8 28. Bh3 Bg8 29. Qf5 Qc6 30. Rd3 (
30. Ned4 $1 {Horvath,T} exd4 31. Nxd4 Qc8 32. Ne6+ Bxe6 (32... Kd7 33. Qb5+ Qc6
34. Nd4+) 33. Qxe6 $18 {Morovic}) 30... Kc7 31. Nd2 a4 32. Nc1 a3 33. b3 Nxd2+
(33... Nb6 34. Ne2 $18 {/\ c3}) 34. Rxd2 Qc3 35. Qd7+ Kb6 36. Rxd6+ Bxd6 (36...
Ka5 37. Qa4#) 37. Qxd6+ Ka5 (37... Kb7 38. Nd3 Rad8 39. Nc5+ $18) 38. Nd3 Ra7 (
38... Rad8 {Horvath,T} 39. Bd7 Be6 (39... Re6 40. Qd5+ Kb6 41. Bxe6 $1 Rxd5 42.
Bxd5 $18 Qd4 43. Rg6+) 40. Qc5+ $1 Qxc5 41. Nxc5 Bxd7 42. Nb7+) 39. Rg6 Qd4 40.
Qc6 $1 {/\ Qa4} Bxb3 41. axb3 1-0

[Event "Belgrade Investbank"]
[Site "Belgrade"]
[Date "1989.11.??"]
[Round "4"]
[White "Short, Nigel D"]
[Black "Ljubojevic, Ljubomir"]
[Result "1-0"]
[WhiteElo "2660"]
[BlackElo "2635"]
[Annotator "Boensch,U"]
[PlyCount "59"]
[EventDate "1989.11.??"]
[EventType "tourn"]
[EventRounds "11"]
[EventCountry "YUG"]
[EventCategory "15"]
[SourceTitle "CBM 016"]
[Source "ChessBase"]
[SourceDate "1990.06.01"]
[SourceVersion "1"]
[SourceVersionDate "1990.06.01"]
[SourceQuality "1"]

1. e4 {Bönsch} c5 2. Nf3 d6 3. d4 cxd4 4. Nxd4 Nf6 5. Nc3 e6 6. g4 h6 7. h4 Nc6
(7... Be7 8. Rg1 d5 9. exd5 Nxd5 10. Nxd5 Qxd5 11. Be3 a6 12. g5 hxg5 13. hxg5
e5 $10 {Ljubojevic-Sax Luzern 1989}) 8. Rg1 h5 9. gxh5 Nxh5 10. Be3 $5 Nf6 (
10... a6 11. Be2 Nf6 12. h5 Bd7 13. Qd2 b5 14. a3 Rc8 15. f4 Qc7 16. Nxc6 Bxc6
17. Bf3 Bb7 18. Qd4 d5 $1 {Kosten-Adorjan Esbjerg 1988 - Inf.46/293}) 11. Nf3
a6 (11... d5 $5 12. exd5 exd5 $13) 12. Qe2 Qc7 13. O-O-O b5 (13... Bd7 14. Na4
Nb4 $13) 14. Ng5 Qa5 (14... Rxh4 15. f4 Bb7 16. Qf2 Ng4 17. Qxh4 Nxe3 $13) 15.
f4 b4 16. Nb1 Qxa2 17. e5 dxe5 18. fxe5 Nd5 19. Bg2 Be7 20. Nxf7 $1 $40 Kxf7
21. Be4 (21. Bxd5 exd5 22. Qg2 $13) 21... Ke8 22. Rxg7 Bd7 23. Qg4 Kd8 (23...
Nxe3 24. Rg8+ Rxg8 (24... Bf8 25. Qg7 Rxg8 26. Qxd7#) 25. Qxg8+ Bf8 26. Bg6+
Kd8 27. Qxf8+ Kc7 28. Rxd7+ $1 Kxd7 29. Qd6+ $3 Kc8 30. Qxc6+ Kb8 31. Qb6+ Kc8
32. Qxe3 $18) 24. Bxd5 exd5 25. e6 Be8 26. Bb6+ Kc8 27. Qf4 $18 Ra7 28. Bxa7
Rxh4 29. Qg3 Qc4 30. Rxe7 1-0

[Event "Helsinki op"]
[Site "Helsinki"]
[Date "1992.??.??"]
[Round "6"]
[White "Brodsky, Michail"]
[Black "Tukmakov, Vladimir B"]
[Result "0-1"]
[WhiteElo "2540"]
[BlackElo "2570"]
[Annotator "Boensch,U"]
[PlyCount "85"]
[EventDate "1992.09.??"]
[EventType "swiss"]
[EventRounds "9"]
[EventCountry "FIN"]
[SourceTitle "CBM 032"]
[Source "ChessBase"]
[SourceDate "1993.02.01"]
[SourceVersion "1"]
[SourceVersionDate "1993.02.01"]
[SourceQuality "1"]

1. e4 c5 2. Nf3 d6 3. d4 cxd4 4. Nxd4 Nf6 5. Nc3 Nc6 6. h3 e6 (6... g6 $5 {
-B 72}) 7. g4 a6 (7... h6 8. Bg2 Bd7 9. f4 Nxd4 10. Qxd4 Bc6 11. Be3 Qa5 12.
O-O-O Nd7 13. Kb1 Nb6 14. b4 $1 $16 {Short,N-Sax,G Debrecen 1992}) 8. Bg2 Qc7
9. a4 $146 Be7 10. Nde2 Rb8 11. g5 Nd7 12. h4 b5 13. axb5 axb5 14. b3 $6 (14.
Ng3 b4 15. Nce2 $10) 14... b4 15. Na4 O-O 16. O-O e5 $1 17. f4 Ba6 18. Be3 (18.
f5 $2 Nd4 $17) 18... exf4 19. Rxf4 Nde5 20. Bf2 Bc8 $1 $15 {xg4} 21. Rc1 Ng4
22. Qd2 Nxf2 23. Rxf2 Ne5 24. Nf4 Qa7 25. Kh1 Re8 26. Nd5 Be6 27. Rcf1 Bd8 28.
Nb2 Bb6 29. Re2 Bd4 30. Nd3 Bxd5 31. exd5 Bc3 32. Qf4 Nxd3 $17 33. Rxe8+ Rxe8
34. cxd3 Qd7 (34... Qe7 $6 35. Be4 g6 36. Kg2 $15) 35. Qf2 Re7 36. Qf3 g6 37.
Qf4 Re2 38. Qc4 Qe7 39. Qg4 Re1 $1 $19 40. Rxe1 Qxe1+ 41. Kh2 Be5+ 42. Kh3 Qg1
43. Qe2 (43. Qf3 Qh2+ 44. Kg4 h5+ 45. gxh6 f5+ 46. Kg5 Kf7 $19) 0-1

[Event "Interpolis"]
[Site "Tilburg"]
[Date "1992.10.11"]
[Round "2.1"]
[White "Sveshnikov, Evgeny"]
[Black "Lputian, Smbat G"]
[Result "0-1"]
[WhiteElo "2525"]
[BlackElo "2585"]
[Annotator "Boensch,U"]
[PlyCount "62"]
[EventDate "1992.10.08"]
[EventType "k.o."]
[EventRounds "7"]
[EventCountry "NED"]
[SourceTitle "CBM 032"]
[Source "ChessBase"]
[SourceDate "1993.02.01"]
[SourceVersion "1"]
[SourceVersionDate "1993.02.01"]
[SourceQuality "1"]

1. e4 c5 2. Nf3 e6 3. d4 cxd4 4. Nxd4 Nf6 5. Nc3 d6 6. g4 h6 7. h3 Nc6 8. Bg2
Bd7 9. O-O (9. f4 Nxd4 10. Qxd4 Bc6 11. Be3 Qa5 12. O-O-O Nd7 13. Kb1 Nb6 14.
b4 $1 $16 {Short,N-Sax,G Debrecen 1992}) 9... Be7 10. f4 Nxd4 (10... Qb6 $2 11.
Be3 Qxb2 12. Ndb5 $18) 11. Qxd4 Bc6 12. Be3 Nd7 13. Qd2 g5 $1 {x e5} 14. Bd4 (
14. fxg5 hxg5 15. Qf2 Rh7 $13 (15... Ne5 $2 16. Bxa7 $16)) 14... Rh7 15. e5 $6
(15. f5 Ne5 $13) 15... dxe5 16. fxe5 Nxe5 17. Rad1 Qc7 18. Ne4 O-O-O $1 19. Qc3
Ng6 20. Bxa7 Rxd1 21. Rxd1 Nf4 22. Bf3 $8 Nxh3+ (22... f5 $5) 23. Kf1 h5 24.
Bc5 Bxe4 $1 (24... hxg4 $2 25. Nd6+ $2 (25. Bxe7 $1 Qxe7 26. Nd6+ Kb8 27. Bxc6
$16) 25... Bxd6 26. Bxd6 Bb5+ $19) 25. Bxe4 Bxc5 26. Bxh7 Qf4+ $19 27. Ke2 $2 (
27. Kg2 Qxg4+ (27... Qf2+ 28. Kxh3 f5 29. Qh8+ Kc7 30. Qd8+ Kc6 31. Qe8+ $18)
28. Kh2 Qe2+ 29. Kxh3 Qg4+ 30. Kh2 Qe2+ $10) 27... Qxg4+ 28. Ke1 Qh4+ 29. Ke2
Nf4+ 30. Kd2 Qf2+ 31. Kc1 Ne2+ 0-1

[Event "SUI-ch int"]
[Site "Switzerland"]
[Date "1992.??.??"]
[Round "8"]
[White "Renet, Olivier"]
[Black "Summermatter, Daniel"]
[Result "1-0"]
[WhiteElo "2530"]
[BlackElo "2350"]
[Annotator "Boensch,U"]
[PlyCount "51"]
[EventDate "1992.??.??"]
[EventType "tourn"]
[EventRounds "11"]
[EventCountry "SUI"]
[EventCategory "8"]
[SourceTitle "CBM 031"]
[Source "ChessBase"]
[SourceDate "1992.12.01"]
[SourceVersion "1"]
[SourceVersionDate "1992.12.01"]
[SourceQuality "1"]

1. e4 c5 2. Nf3 e6 3. d4 cxd4 4. Nxd4 Nf6 5. Nc3 d6 6. g4 a6 7. g5 Nfd7 8. Be3
b5 9. a3 Bb7 (9... Nb6 10. Qg4 $3 $146 {Aseev,K} N8d7 11. Rd1 Ne5 12. Qg3 Qc7
13. f4 Nec4 14. Bc1 Bb7 15. Bg2 $16 {Aseev,K-SakaevK URS-ch 1991 -Inf.53/214})
10. h4 Nc6 (10... Nc5 11. f3 Nc6 12. Nxc6 Bxc6 13. Qd2 Qc7 14. h5 Qb7 15. Bh3
b4 16. axb4 Qxb4 17. g6 hxg6 18. hxg6 Be7 19. gxf7+ Kxf7 $13 {Markovic,
M-Cetkovic,M Jug-ch (09) 1991 1-0 82}) 11. h5 Nxd4 12. Qxd4 Ne5 13. O-O-O Nc6
14. Qd2 Rc8 15. Rh3 b4 16. axb4 Nxb4 17. Kb1 Qa5 18. f3 Be7 19. g6 O-O 20. Rg3
Bf6 (20... f5 $5) 21. Bd4 e5 (21... Bxd4 $2 22. Qxd4 e5 23. Qxd6 Rxc3 (23...
Rfd8 24. gxf7+ Kxf7 (24... Kh8 25. h6 $1 $18) 25. Bc4+ $1 $18) 24. gxf7+ Rxf7
25. Qd8+ $18) (21... fxg6 22. hxg6 h6 23. Bh3 $16) 22. Be3 d5 $2 (22... hxg6
23. hxg6 fxg6 24. Bh3 $16) 23. gxh7+ Kxh7 (23... Kh8 24. Bg5 $18) 24. Bg5 $1
$18 d4 (24... Rxc3 25. Qxc3 Rc8 26. Qb3 Bxg5 27. Rxg5 $18) (24... Qb6 25. exd5
$18) (24... Bxg5 25. Qxg5 Rg8 26. Qxe5 $18) (24... Rcd8 25. Bxf6 gxf6 26. Bh3
Bc8 27. Rdg1 Rg8 28. Qg2 $18) 25. Bxf6 gxf6 26. Bh3 $1 {Boensch} 1-0

[Event "Taastrup"]
[Site "Taastrup"]
[Date "1990.??.??"]
[Round "3"]
[White "Hector, Jonny"]
[Black "Vogt, Lothar"]
[Result "1/2-1/2"]
[WhiteElo "2465"]
[BlackElo "2500"]
[Annotator "Boensch,U"]
[PlyCount "52"]
[EventDate "1990.02.??"]
[EventType "tourn"]
[EventRounds "9"]
[EventCountry "DEN"]
[EventCategory "9"]
[SourceTitle "CBM 020"]
[Source "ChessBase"]
[SourceDate "1991.02.01"]
[SourceVersion "1"]
[SourceVersionDate "1991.02.01"]
[SourceQuality "1"]

1. e4 {Bönsch} c5 2. Nf3 e6 3. d4 cxd4 4. Nxd4 Nf6 5. Nc3 d6 6. g4 Nc6 7. g5
Nd7 8. Be3 Be7 9. h4 O-O 10. Qh5 (10. Qd2) (10. Qe2 Nxd4 11. Bxd4 a6 12. O-O-O
b5 13. a3 Rb8 14. f4 Re8 15. Qh2 Qa5 16. g6 fxg6 17. h5 Bf8 18. hxg6 h6 19. f5
b4 20. Qh5 Qd8 21. fxe6 Nf6 22. Bxf6 Qxf6 23. Nd5 $16 {Bellin - Stohl,
Oberwart 1989}) 10... Nxd4 11. Bxd4 a6 12. O-O-O b5 13. Bd3 (13. Bh3 Re8 14. f4
Bf8 15. f5 b4 16. Nd5 g6 17. fxe6 fxe6 18. Qg4 Ne5 19. Nf6+ Qxf6 20. gxf6 Nxg4
21. Bxg4 e5 22. Rdf1 Kf7 $17 {Horvath,T - Kohleyer, Frankfurt 1990}) 13... Ne5
14. f4 (14. Kb1 b4 15. Na4 Rb8 16. b3 Qc7 17. f4 Nxd3 18. cxd3 e5 19. Rc1 $13 {
Perenyi - Hellers, Budapest 1988 - Inf.46/299}) 14... Nxd3+ 15. Rxd3 (15. cxd3
$5) 15... Bb7 16. Re1 b4 17. Nd1 Re8 18. Nf2 Qa5 19. Ng4 (19. Kb1 $2 b3 $19)
19... b3 20. Nh6+ (20. Rg1 bxa2 21. Nh6+ Kh8 $10) 20... gxh6 (20... Kh8 $2 21.
Qxf7 $18 Rg8 (21... Qxe1+ 22. Rd1 $18) 22. Qxg8+ $1 Rxg8 23. Nf7#) 21. Rg1 hxg5
22. Qh6 e5 23. Bxe5 dxe5 24. Rxg5+ Bxg5 25. Qxg5+ Kh8 (25... Kf8 26. Qh6+ Kg8
$10 (26... Ke7 $4 27. Qd6#)) 26. Qf6+ Kg8 1/2-1/2